| 000 | 00937nam a22002895i 4500 | ||
|---|---|---|---|
| 999 |
_c28126 _d28097 |
||
| 003 | EG-ScBUE | ||
| 005 | 20200217120512.0 | ||
| 008 | 200217s2018 ii a f b 001 0 eng d | ||
| 020 | _a9789386418968 | ||
| 040 |
_aEG-ScBUE _beng _erda _cEG-ScBUE _dEG-ScBUE |
||
| 082 | 0 | 4 |
_a547.7 _bMIS _222 |
| 100 | 1 |
_aMisra, G. S. _q(Gauri Shankar) _eauthor. _937092 |
|
| 245 | 1 | 0 |
_aPolymer chemistry / _cG. S. Misra. |
| 250 | _aSecond edition. | ||
| 264 | 1 |
_aNew Delhi : _bNew Age International Publishers, _c2018. |
|
| 300 |
_axviii, 253 pages : _billustrations ; _c24 cm. |
||
| 336 |
_atext _btxt _2rdacontent |
||
| 337 |
_aunmediated _bn _2rdamedia |
||
| 338 |
_avolume _bnc _2rdacarrier |
||
| 490 | 0 | _aNew age reference | |
| 504 | _aIncludes bibliographical references and index. | ||
| 650 | 7 |
_aPolymers. _2BUEsh |
|
| 650 | 7 |
_aPolymerization. _2BUEsh |
|
| 653 |
_bPPhrm _bENGCHE _cFebruary2020 |
||
| 942 |
_2ddc _cBB |
||